00482nam a2200169Ia 4500008004100000040001900041041001200060082003800072100001600110245003800126260003800164300001800202504001900220650002900239651002000268850002400288131103s9999 xx 000 0 und d aLoreto College aEnglish a823.8/STE-STEbLCLIB(press)/41327 aStern, G.B. aRobert Louis StevensoncG.B.Stern aLondonbThe British councilc1952 a52p. c 22cm. aIncludes index aStevenson, Robert Louis  aEnglish fiction aLCLIB/823.8/STE-STE